000 00854nam a2200253Ia 4500
003 OSt
005 20221005113313.0
006 a|||||r|||| 00| 0
007 ta
008 221004b |||||||| |||| 00| 0 pan d
020 _a813020102X (hbk)
_c250
024 _a17833
037 _b919, 20/03/2015, H.K. Prakashan
_cTextual
040 _aCRL
_cCRL
_bpan
041 _2pan
_apan
082 _aP153:4k, P7
100 _aਸਿੰਘ, ਮਨਮੰਦਰ, ਥਦ.
245 0 _aਮਲਵਈ Fਬਦ ਕੋF
260 _aਪਟਿਆਲਾ
_bਪੰਜਾਬੀ ਯੂਨੀਵਰਸਿਟੀ ਭਾਰਤ
_c2007
300 _a286ਪੰ
_ccm.
650 _aਪੰਜਾਬੀ ਭਾFਾ
942 _hP153:4k, P7
_cTEXL
_2cc
999 _c1027731
_d1027731